Bài giảng thiết bị công nghiệp hoá học
Trình bày các quá trình sản xuất hóa học và thực phẩm : tỉnh lực học chất lỏng, động lực học chất lỏng, vận chuyển chất lỏng giọt, phân riêng hệ khí không đồng nhất, hấp thu,...
Kaydedildi:
| Yazar: | |
|---|---|
| Materyal Türü: | Kitap |
| Dil: | Undetermined |
| Baskı/Yayın Bilgisi: |
Cần Thơ
Đại học Cần Thơ
2004
|
| Konular: | |
| Etiketler: |
Etiketle
Etiket eklenmemiş, İlk siz ekleyin!
|
| Thư viện lưu trữ: | Trung tâm Học liệu Trường Đại học Cần Thơ |
|---|
| LEADER | 01019nam a2200205Ia 4500 | ||
|---|---|---|---|
| 001 | CTU_161126 | ||
| 008 | 210402s9999 xx 000 0 und d | ||
| 082 | |a 681.754 | ||
| 082 | |b Th463 | ||
| 100 | |a Phan, Văn Thơm | ||
| 245 | 0 | |a Bài giảng thiết bị công nghiệp hoá học | |
| 245 | 0 | |c Phan Văn Thơm | |
| 260 | |a Cần Thơ | ||
| 260 | |b Đại học Cần Thơ | ||
| 260 | |c 2004 | ||
| 520 | |a Trình bày các quá trình sản xuất hóa học và thực phẩm : tỉnh lực học chất lỏng, động lực học chất lỏng, vận chuyển chất lỏng giọt, phân riêng hệ khí không đồng nhất, hấp thu,... | ||
| 650 | |a Chemical engineering,Scientific apparatus and instruments,Công nghệ hóa học,Thiết bị và dụng cụ khoa học | ||
| 650 | |x Equipment and supplies,Thiết bị và sự cung cấp | ||
| 904 | |i Thuỳ, Năm | ||
| 980 | |a Trung tâm Học liệu Trường Đại học Cần Thơ | ||